000 00418nam a2200133Ia 4500
008 220217s9999||||xx |||||||||||||| ||und||
020 _a81-88429-94-5
082 _a004 VAR
100 _aVarma, Saradhi, G. P and Rao, Thirupathi, B
_95428
245 0 _aTheory of computation: formal languages and automata theory
260 _aScitech publications
_bChannai
_c2005
300 _b160
650 _aCOMPUTER SCIENCE
999 _c176365
_d176365